00807nam a2200241 i 4500001001000000003000900010005001700019007000300036008004100039020001500080040003000095082002400125100004600149245007600195264006400271300002800335336002700363337003400390338002700424500006300451650002700514650002400541000014911DO-SdBNP20240412074242.0ta100127s2005 dr 000 p spa d a9945028006 aDO-SdBNPbspacBNPHUerda 4aRD861.44bP434s2221 aPerelló, Ramón Lorenzo,d1924-eautor13aEl sonetario de los santiagueros ilustres /cRamón Lorenzo Perelló. aSanto Domingo :bFundación Pro-Cultura Dominicana,c2005. a132 páginas ;c21 cm. 2rdacontentatextobtxt 2rdamediaasin mediaciónbnc 2rdacarrieravolumenbn aIncluye datos biográficos del autor en la contracubierta 0aLiteratura dominicana. 4aPoesía dominicana